| 000 | 00416 a2200145 4500 | ||
|---|---|---|---|
| 999 |
_c1776 _d1776 |
||
| 020 | _a9780099593386 | ||
| 050 | _aHM 626 MOR 2015 | ||
| 100 |
_aMortimer, Ian _eauthor |
||
| 245 |
_aHuman race : _b10 centuries of change on earth / _c Ian Mortimer |
||
| 264 |
_aLondon : _bVintage books, _c 2015 |
||
| 300 |
_a403p. _bill .(col.) |
||
| 500 | _aincludes index | ||
| 650 | _aWorld history | ||
| 942 |
_2lcc _cBK _h626 _iMOR _kHM |
||